Old forts of the Southwest, (Record no. 1444)

MARC details
000 -LEADER
fixed length control field 00693cam a22002411 4500
005 - DATE AND TIME OF LATEST TRANSACTION
control field 20260322212100.0
008 - FIXED-LENGTH DATA ELEMENTS--GENERAL INFORMATION
fixed length control field data
010 ## - LIBRARY OF CONGRESS CONTROL NUMBER
LC control number 64021316
040 ## - CATALOGING SOURCE
Original cataloging agency DLC
Transcribing agency FM
Modifying agency DLC
-- DLC
042 ## - AUTHENTICATION CODE
Authentication code premarc
050 00 - LIBRARY OF CONGRESS CALL NUMBER
Classification number UA26.S6
Item number H3
082 ## - DEWEY DECIMAL CLASSIFICATION NUMBER
Classification number 355.70976
092 ## - LOCALLY ASSIGNED DEWEY CALL NUMBER (OCLC)
Classification number 355.709 H3 1964
001 - CONTROL NUMBER
control field data
100 1# - MAIN ENTRY--PERSONAL NAME
Personal name Hart, Herbert M.
245 10 - TITLE STATEMENT
Title Old forts of the Southwest,
Statement of responsibility, etc. Herbert M. Hart.
250 ## - EDITION STATEMENT
Edition statement [1st ed.]
260 ## - PUBLICATION, DISTRIBUTION, ETC.
Place of publication, distribution, etc. Seattle,
Name of publisher, distributor, etc. Superior Pub. Co.
Date of publication, distribution, etc. [1964]
300 ## - PHYSICAL DESCRIPTION
Extent 192 p.
Other physical details illus., map (on lining papers) ports.
Dimensions 28 cm.
490 1# - SERIES STATEMENT
Series statement His Forts of the old West,
Volume/sequential designation v. 2
650 #0 - SUBJECT ADDED ENTRY--TOPICAL TERM
Topical term or geographic name entry element Military bases
Geographic subdivision Southwest, New.
800 1# - SERIES ADDED ENTRY--PERSONAL NAME
Personal name Hart, Herbert M.
Title of a work Forts of the old West,
Volume/sequential designation v. 2.
Holdings
Withdrawn status Lost status Damaged status Not for loan Home library Current library Shelving location Date acquired Total checkouts Full call number Barcode Date last seen Price effective from Koha item type
        Troy Troy General stacks 22/03/2026   355.70976 BC0011491 22/03/2026 22/03/2026 Books